The guide to Malaysia (Record no. 4107)
[ view plain ]
| 000 -LEADER | |
|---|---|
| fixed length control field | nam a22 a 4500 |
| 003 - CONTROL NUMBER IDENTIFIER | |
| control field | AKMAL |
| 005 - DATE AND TIME OF LATEST TRANSACTION | |
| control field | 20170525111254.0 |
| 008 - FIXED-LENGTH DATA ELEMENTS--GENERAL INFORMATION | |
| fixed length control field | 170525s2003 my a e | 000 0 eng d |
| 020 ## - INTERNATIONAL STANDARD BOOK NUMBER | |
| International Standard Book Number | 983224109X (hbk.) : |
| Terms of availability | RM50.00 |
| 039 #9 - LEVEL OF BIBLIOGRAPHIC CONTROL AND CODING DETAIL [OBSOLETE] | |
| Level of rules in bibliographic description | 200804121603 |
| Level of effort used to assign nonsubject heading access points | marzihan |
| Level of effort used to assign subject headings | 200705300959 |
| Level of effort used to assign classification | farahiniey |
| Level of effort used to assign subject headings | 200705220952 |
| Level of effort used to assign classification | jalil |
| Level of effort used to assign subject headings | 200705090914 |
| Level of effort used to assign classification | jalil |
| 040 ## - CATALOGING SOURCE | |
| Original cataloging agency | AKMAL |
| Transcribing agency | AKMAL |
| 043 ## - GEOGRAPHIC AREA CODE | |
| Geographic area code | a-my--- |
| 082 04 - DEWEY DECIMAL CLASSIFICATION NUMBER | |
| Classification number | 915.9500222 GUI |
| Edition number | 22 |
| 090 00 - LOCALLY ASSIGNED LC-TYPE CALL NUMBER (OCLC); LOCAL CALL NUMBER (RLIN) | |
| Classification number (OCLC) (R) ; Classification number, CALL (RLIN) (NR) | 915.9500222 |
| Local cutter number (OCLC) ; Book number/undivided call number, CALL (RLIN) | GUI |
| 090 20 - LOCALLY ASSIGNED LC-TYPE CALL NUMBER (OCLC); LOCAL CALL NUMBER (RLIN) | |
| Classification number (OCLC) (R) ; Classification number, CALL (RLIN) (NR) | 915.9500222 |
| Local cutter number (OCLC) ; Book number/undivided call number, CALL (RLIN) | GUI |
| 245 04 - TITLE STATEMENT | |
| Title | The guide to Malaysia |
| 260 ## - PUBLICATION, DISTRIBUTION, ETC. | |
| Place of publication, distribution, etc. | [Kuala Lumpur] : |
| Name of publisher, distributor, etc. | Leisure Guide Pub. , |
| Date of publication, distribution, etc. | 2003 |
| 300 ## - PHYSICAL DESCRIPTION | |
| Extent | 416p. : |
| Other physical details | col. ill., maps ; |
| Dimensions | 22cm. |
| 651 #0 - SUBJECT ADDED ENTRY--GEOGRAPHIC NAME | |
| Geographic name | Malaysia |
| General subdivision | Description and travel |
| Form subdivision | Guidebooks |
| 9 (RLIN) | 2742 |
| 651 #0 - SUBJECT ADDED ENTRY--GEOGRAPHIC NAME | |
| Geographic name | Malaysia |
| Form subdivision | Guidebooks |
| 9 (RLIN) | 8039 |
| 942 ## - ADDED ENTRY ELEMENTS (KOHA) | |
| Source of classification or shelving scheme | |
| Koha item type | Book |
| Withdrawn status | Lost status | Source of classification or shelving scheme | Damaged status | Not for loan | Collection code | Home library | Current library | Date acquired | Inventory number | Total Checkouts | Full call number | Barcode | Date last seen | Price effective from | Koha item type |
|---|---|---|---|---|---|---|---|---|---|---|---|---|---|---|---|
| NON-FICTION | AKMAL Melaka | AKMAL Melaka | 25.05.2017 | 900456 (softcover) | 915.9500222 GUI | 201705344 | 25.05.2017 | 25.05.2017 | Book | ||||||
| NON-FICTION | AKMAL Melaka | AKMAL Melaka | 25.05.2017 | 900455 (hardcover) | 915.9500222 GUI | 201705346 | 25.05.2017 | 25.05.2017 | Book |
